[Event "SRB-CupT Central"]
[Site "Serbia"]
[Date "2013.04.28"]
[Round "8.8"]
[White "Mitrovic, Marjan"]
[Black "Vujovic, Radojica"]
[Result "1/2-1/2"]
[WhiteElo "2113"]
[BlackElo "2088"]
[PlyCount "34"]
[EventDate "2013.03.24"]
[EventType "team-tourn"]
[EventRounds "8"]
[EventCountry "SRB"]
[SourceTitle "EXT 2018"]
[Source "ChessBase"]
[SourceDate "2017.10.13"]
[SourceVersion "1"]
[SourceVersionDate "2017.10.13"]
[SourceQuality "1"]

1. Nf3 Nf6 2. g3 e6 3. Bg2 d5 4. 0-0 Bd6 5. d4 Nbd7 6. Nbd2 0-0 7. c4 c6 8. Qc2 a6 9. a4 Re8 10. Rd1 Qe7 11. b3 e5 12. dxe5 Nxe5 13. Nxe5 Bxe5 14. Ba3 Qe6 15. Rac1 Bd4 16. e3 Ba7 17. c5 Qg4 1/2-1/2

[Event "SRB-CupT Central"]
[Site "Serbia"]
[Date "2013.04.26"]
[Round "5.5"]
[White "Mrsevic, Miroslav"]
[Black "Mitrovic, Marjan"]
[Result "1/2-1/2"]
[WhiteElo "2294"]
[BlackElo "2113"]
[PlyCount "90"]
[EventDate "2013.03.24"]
[EventType "team-tourn"]
[EventRounds "8"]
[EventCountry "SRB"]
[SourceTitle "EXT 2018"]
[Source "ChessBase"]
[SourceDate "2017.10.13"]
[SourceVersion "1"]
[SourceVersionDate "2017.10.13"]
[SourceQuality "1"]

1. e4 c5 2. d3 Nc6 3. g3 g6 4. Bg2 Bg7 5. Nc3 e6 6. Be3 d6 7. Qd2 Nd4 8. Nd1 h5 9. c3 Nc6 10. h3 e5 11. f4 Be6 12. Nf3 f6 13. Nh4 Bf7 14. 0-0 exf4 15. gxf4 Nge7 16. Qf2 Qd7 17. d4 cxd4 18. cxd4 Bc4 19. d5 Nb4 20. Nc3 Bxf1 21. Bxf1 0-0 22. Qg2 Qe8 23. Bb5 Qf7 24. Bd7 Nexd5 25. exd5 Qxd7 26. a3 Nd3 27. Rd1 Nc5 28. b4 Rfe8 29. Bd4 Nb3 30. Bf2 g5 31. Nf3 g4 32. Nh2 f5 33. Nb1 a5 34. Qg3 a4 35. Nf1 Rac8 36. Qh4 Qf7 37. Qg5 Qf6 38. Qxh5 Re2 39. Ng3 Rxf2 40. Kxf2 Qb2+ 41. Kg1 Qc2 42. Re1 Nd4 43. Kh1 Qb3 44. Re8+ Rxe8 45. Qxe8+ Kh7 1/2-1/2